000 02903caa a22004577a 4500
001 991061739578606706
003 ES-BaIT
005 20260331125637.0
008 260331s1765 sp 000 d spa c
040 _aES-BaIT
_bcat
_erda
_cES-BaIT
080 _a860-2"17"
100 0 _aNifo y Cagigal, Francisco Mariano,
_d1719-1803
_eautor
_918193
240 1 _aJuicio de la mujer hace al marido discreto
_9169198
245 1 0 _aComedia graciosa en un acto. El juicio de la muger hace al marido discreto /
_cpor don Francisco Mariano Nipho
246 3 0 _aJuicio de la muger hace al marido discreto
264 1 _a[Lloc de publicació no identificat] :
_b[nom de l'editor no identificat],
_c[1765]
300 _a[2], 33-75, [1] pàgines ;
_c8º (14 cm)
336 _atext
_btxt
_2rdacontent
337 _asense mediació
_bn
_2rdamedia
338 _avolum
_bnc
_2rdacarrier
500 _aEl títol és d'una part d'una obra sense identificar
500 _aEntre el final del títol y la menció de responsabilitat:"Sic teneros animos aliena opprobia sape absterrent vitiis. Horat. lib. I satyr. 4."
500 _aLa comèdia acaba a la pàgina 67. A continuació de la pàgina 68 a la 75 s'inclou una tonadilla titulada:'Tonadilla en el orden, y gusto de la egloga'.
500 _aVerso de la pàgina de la secció del títol en blanc. Verso de la pàgina 75 en blanc
500 _aData obtinguda del llom de l'enquadernació on està relligada aquesta obra juntament amb altres del mateix autor
500 _aSignatures: [1] C-D8, E6
500 _aExtracte d'una obra sense identificar
530 _aReproducció digital disponible a Biblioescènic
593 _bVIT-086/02
_cEnquadernació holandesa en color grana, talls acolorits. Exemplar guillotinat. Taques d'òxid. Etiqueta d'antic topogràfic Vitrina A Estante 2 en full de guarda volant anterior. Relligat en volum factici, títol al llom: Entremeses / Nipho / 1765
_fEx-libris de la Colección teatral Arturo Sedó a la contracoberta anterior. Segell de la Colección teatral Arturo Sedó a portada. Procedència: Col·lecció Joaquín Montaner. Llistat manuscrit al full de guarda anterior de les obres que conté el volum
_gExemplar digitalitzat per Crossland, 2022
_hArtur Sedó
650 4 _aSainets castellans
_yS. XVIII
_xTextos dramàtics
_9158732
650 7 _aTonadillas
_xLlibrets
_957988
700 1 _iContenidor de (obra) :
_aNifo y Cagigal, Francisco Mariano,
_d 1719-1803 .
_t Tonadilla en el orden, y gusto de la egloga
_9169199
730 0 _aCol·lecció digital Biblioescènic del MAE
_969172
856 4 1 _zAccés lliure (Biblioescènic)
_uhttps://books.cdmae.cat/visorpdf/?recurs=SV0086-02
856 4 2 _zFitxa del catàleg manual
_uhttp://www.cdmae.cat/sedo/imgtitulos/037/P0001481.gif
902 _aPatrimoni
902 _aFons antic
908 _aCDMAE
940 _aCDMAE
942 _2udc
_cDIGITAL
999 _c137338
_d137338